Levantina del alba la esmeralda del siguiente día de cenizas /

সংরক্ষণ করুন:
গ্রন্থ-পঞ্জীর বিবরন
প্রধান লেখক: Elorza, O. (Osvaldo)
বিন্যাস: বৈদ্যুতিক বৈদ্যুতিন গ্রন্থ
ভাষা:স্প্যানিশ
প্রকাশিত: Providencia, Santiago de Chile: RIL editores, 2011.
সংস্করন:1. ed.
মালা:Digitalia eBook Collection: Ril Editores
বিষয়গুলি:
অনলাইন ব্যবহার করুন:Digitalia Hispánica
ট্যাগগুলো: ট্যাগ যুক্ত করুন
কোনো ট্যাগ নেই, প্রথমজন হিসাবে ট্যাগ করুন!

MARC

LEADER 00000nam a2200000Ia 4500
001 DIGRILEDIT0016
003 NyNyDIG
006 m d
007 cr |||||||||||
008 140101s2011 cl a o 000 1 spa
020 |z 9789562847933 (pbk.) 
040 |a DGITA  |b eng  |e pn  |c DGITA 
043 |a cl----- 
050 4 |a PQ8085 ebook 
100 1 |a Elorza, O.   |q (Osvaldo). 
245 1 0 |a Levantina del alba   |h [electronic resource] :  |b la esmeralda del siguiente día de cenizas /  |c Osvaldo Elorza. 
250 |a 1. ed. 
260 |a Providencia, Santiago de Chile:  |b RIL editores,  |c 2011.  |e (New York, NY. :  |f Digitalia Inc,   |g 2012). 
300 |a 1 online resource (156 p.) 
506 |a Access restricted to subscribing institutions. 
650 0 |a Chilean prose literature. 
655 0 |a Electronic books. 
791 2 |a Digitalia (Firm),  |e distributor. 
830 0 |a Digitalia eBook Collection: Ril Editores 
856 4 0 |3 Digitalia Hispánica  |u https://digitalia.unach.elogim.com/a/18522/